000 01379nam a2200361Ia 4500
001 dia_5688
003 CHAP
005 20250616093315.0
007 ta
008 220117s2000 mx d fr 001 0 spa d
040 _cCHAP
_amxchpua
090 _aT.C.297
_bR49 ETIPA
_c2000
245 1 0 _aEstudio técnico ingenieril de una planta deshidratadora de cempasúchil (Tagetes erecta) en Río Verde, S. L. P. /
_ccoordinador Miguel Reyes Vigil ; colaboradores Elizabeth Álvarez Medina...[et al.]
260 _aMéxico :
_bEl autor,
_c2000
300 _acerca 100 hojas :
_bgráficas, diagramas, tablas
336 _2rdacontent
_atexto
_btxt
337 _2rdamedia
_asin medio
_bn
338 _2rdacarrier
_avolumen
_bnc
500 _a7° año Grupo 1
502 _aViaje de Estudios
_b(ETIPA) --
_cUACh. Departamento de Ingeniería Agroindustrial,
_d2000
504 _aBibliografía: hoja 58
650 1 0 _aIndustria alimentaria
_zMéxico
_zSan Luis Potosí
_9159254
650 1 0 _aFeed industry
_zMexico
_zSan Luis Potosi
_9159253
700 1 _aReyes Vigil, Miguel
_ecoordinador
_9156679
700 1 _aÁlvarez Medina, Elizabeth
_ecolaborador
_94941
901 _aT.C.297 R49 ETIPA 2000
902 _aM
905 _a5332272000 mx mn 8223123322spa16
942 _2local
942 _cVE
999 _c176647
_d176647